| 000 | 00673nam a22002177a 4500 | ||
|---|---|---|---|
| 005 | 20251108172424.0 | ||
| 008 | 250721s2004 xx 000 0 ara d | ||
| 082 | 1 | 4 | _a267/ذهبي |
| 100 | 1 |
_aذهبي، شمس الدين أبو عبد الله بن أحمد _eمؤلف |
|
| 245 | 1 | 0 | _aكبائر / |
| 250 | _aط4. | ||
| 264 | 1 |
_aالقاهرة : _bدار الحديث، _c2004. |
|
| 300 | _a279ص. | ||
| 650 | 1 | 7 | _aالكبائر |
| 650 | 1 | 7 | _aالحدود(شريعة اسلامية) |
| 650 | 1 | 7 | _aالفقه الإسلامي |
| 650 | 1 | 7 | _aالشريعة الإسلامية |
| 700 | 1 |
_aإبراهيم، سيد _eمحقق |
|
| 942 |
_2ddc _cBK |
||
| 999 |
_c78897 _d78897 |
||